| 000 | 01848nam a22002057a 4500 | ||
|---|---|---|---|
| 003 | OSt | ||
| 005 | 20260408093506.0 | ||
| 008 | 260408b |||||||| |||| 00| 0 ESP d | ||
| 082 | _29583200646 | ||
| 100 | _aJUAN ANTONIO OLLERO | ||
| 245 | _aAPRENDE INGLES MI PRIMERA GRAMATICA VOL4 | ||
| 250 | _a1RA EDICION VOL4 | ||
| 260 |
_aBarcelona (España) o Bogotá (Colombia) _bGRUPO EDITORIAL OCEANO _c1986 y 1987 |
||
| 300 |
_a320 PAG _c 18 x 25 cm |
||
| 490 | _3 tapa dura (cartoné) | ||
| 520 | _aEjercicios de Consolidación: Incluye una amplia batería de actividades prácticas que combinan gramática y léxico. A diferencia de los ejercicios cortos de los otros libros, aquí son más extensos y desafiantes. Técnicas de Estudio: Ofrece consejos y métodos específicos para memorizar verbos irregulares, mejorar la comprensión auditiva y organizar sesiones de repaso efectivas. Solucionario (Claves): Contiene las respuestas a todos los ejercicios propuestos a lo largo de la colección, permitiendo al alumno corregirse a sí mismo sin necesidad de un profesor. Guía Fonética Detallada: Profundiza en los símbolos fonéticos para ayudar a perfeccionar la pronunciación de sonidos que no existen en español | ||
| 650 |
_aSímbolos fonéticos: Guía detallada para leer la pronunciación en diccionarios.Entonación y acento: Reglas para dar énfasis a las frases y sonar más natural.Sonidos conflictivos: Prácticas específicas para letras que no existen en español _xVerbos Irregulares: Listas completas y métodos para memorizarlos.Voz Pasiva: Introducción básica a cómo cambiar el enfoque de la oración.Condicionales: Estructuras para hablar de posibilidades (If I go...).Phrasal Verbs: Introducción a los verbos compuestos más comunes en el habla cotidiana. |
||
| 700 | _aJUAN ANTONIO OLLERO | ||
| 942 |
_2ddc _cBKA _n0 |
||
| 999 |
_c2052 _d2052 |
||